| 000 | 00891nam a2200277Ia 4500 | ||
|---|---|---|---|
| 003 | OSt | ||
| 005 | 20220928112638.0 | ||
| 006 | a|||||r|||| 00| 0 | ||
| 007 | ta | ||
| 008 | 220927b |||||||| |||| 00| 0 eng d | ||
| 020 | _c1295 | ||
| 024 | _a116985 | ||
| 037 |
_b188, 21/09/2012, Classic Book Service _cTextual |
||
| 040 |
_aSDCL _cSDCL _beng |
||
| 041 |
_2eng _aeng |
||
| 082 | _aX:97D.2'P, Q2 | ||
| 100 |
_aGeorge Jose Ed. _9429070 |
||
| 245 | 0 | _aWorking class movement in India in the wake of globalization. | |
| 260 |
_aNew Delhi _bManohar _c2012 |
||
| 300 |
_aNew Delhi _ccm. |
||
| 650 | _aPolitical Science | ||
| 700 |
_a Kumar Manoj Ed. _9429071 |
||
| 700 |
_a Ojha Dharmendra Ed. _9429072 |
||
| 942 |
_hX:97D.2'P, Q2 _cTEXL _2CC |
||
| 999 |
_c745554 _d745554 |
||